| 000 | 00825na a2200289 4500 | ||
|---|---|---|---|
| 001 | 23106 | ||
| 003 | MIRAKIL | ||
| 005 | 20181213154828.0 | ||
| 008 | 170711b tu 000 0 | ||
| 020 | _a9786054409037 | ||
| 040 |
_aMilas _btur _cTR-AnCHP |
||
| 041 | _atur | ||
| 082 |
_a335.422 _bK24k 2010 |
||
| 090 | _a335.422 K24k 2010 | ||
| 100 | _aMarks, Karl | ||
| 245 |
_aKomünist parti manifestosu ve komünizmin temel ilkeleri _cKarl Marks, Friedrich Engels |
||
| 260 |
_aİstanbul _bkitapdostu yayınları _c2010 |
||
| 300 |
_a104 s. _bfotğ. _c19 sm. |
||
| 440 |
_akitapdostu yayınları _v20 |
||
| 490 |
_aTarih _v5 |
||
| 650 | _aSosyalizm | ||
| 650 |
_aKomünizm _xTemel İlkeler |
||
| 650 |
_aKomünizm _xManifesto |
||
| 650 | _aMarksist sistemler | ||
| 700 | _aEngels, Friedrich | ||
| 942 |
_2ddc _cBKS |
||
| 999 |
_c1593 _d1593 |
||